[Event "Lake Sevan 2017"]
[Site "Yerevan"]
[Date "2017.07.14"]
[Round "1"]
[White "Kovalenko, Igor"]
[Black "Gabuzyan, Hovhannes"]
[Result "1-0"]
[WhiteElo "2659"]
[BlackElo "2569"]
[Annotator "TA"]
[PlyCount "97"]
[EventDate "2017.??.??"]
[EventCountry "ARM"]
[SourceTitle "playchess.com"]
[Source "ChessBase"]
[SourceQuality "1"]

{[%evp 16,97,13,0,27,7,61,54,73,69,62,40,58,65,91,81,130,127,133,122,216,200,194,180,261,254,275,268,283,290,276,289,274,216,237,235,208,221,362,358,352,335,348,338,354,339,357,315,452,452,617,614,600,572,573,547,521,514,538,485,467,475,722,720,715,706,1013,1127,1970,1792,5718,5718,5718,5718,5710,5706,5702,5694,5694,5694,5393,5393,5726,5393]} 1. d4 Nf6 2. c4 e6 3. Nf3 b6 4. Nc3 Bb4 5. e3 Bb7 6. Bd3 O-O 7. O-O c5 8. Bd2 cxd4 9. exd4 {LiveBook: 69 Games} Nc6 {E43: Nimzo-Indian: Rubinstein: 4...b6} (9... d5 10. a3 Bxc3 11. Bxc3 dxc4 12. Bxc4 Ba6 13. b3 Bxc4 14. bxc4 Nbd7 15. Rc1 Rc8 16. Qa4 Qc7 17. Bb4 Rfd8 18. Rfd1 Qb7 19. Qb3 h6 20. h3 Nf8 {1-0 (42) Nakamura,H (2787)-Carlsen,M (2853) chess.com INT 2016}) 10. Re1 $146 ({Predecessor:} 10. a3 Bxc3 11. bxc3 d6 12. Re1 Rc8 13. Bg5 h6 14. Bh4 Na5 15. Qe2 Bxf3 16. Qxf3 Nxc4 17. Re2 {0-1 (58) Varivoda,A (1781)-Shurunov,A (2070) Khanty-Mansiysk 2016}) 10... Bxc3 (10... d5 $11) 11. Bxc3 $14 d5 {White is slightly better.} 12. c5 a5 13. Rc1 Ne4 14. Qb3 $36 {[%mdl 2048] White is pushing.} Nxc3 15. Rxc3 Rb8 16. cxb6 Ba8 17. Qc2 g6 (17... h6 $16 {was worth a try.}) 18. Rxc6 $18 Bxc6 19. Qxc6 {Threatens to win with b7.} Rxb6 (19... Qxb6 {was necessary.} 20. Qc1 Qxb2) 20. Qc1 a4 21. Re2 {[%cal Be1e2,Be2c2,Bc2c7,Bc7b7][%mdl 32]} Kg7 22. h4 Rb7 23. Rc2 Qf6 24. Rc7 Rfb8 {[#]} 25. Rxb7 $1 Rxb7 26. Bc2 Rb4 (26... Ra7 $142 27. Qd2 h5) 27. a3 Rc4 {[#]} 28. Qd2 $1 Qd8 29. Ne5 Rc7 30. h5 ({Not} 30. Bxa4 Qxh4 31. Bd1 Rc8 $18) 30... gxh5 31. Bxa4 f6 (31... h6 $142 32. f4 Qb8) 32. Nd3 {White is clearly winning.} e5 33. dxe5 fxe5 34. Nxe5 Qf6 35. Nf3 h4 36. Bb3 h3 37. gxh3 d4 38. Qxd4 Rc1+ (38... Qxd4 $142 39. Nxd4 Rc1+ 40. Kg2 Rb1) 39. Kg2 Qxd4 40. Nxd4 Rb1 41. a4 {[%cal Ba3a4,Ba4a5,Ba5a6,Ba6a7][%mdl 32]} Rxb2 42. a5 Rb1 43. a6 Ra1 44. Bc4 Ra4 45. Bb5 Ra3 46. Nc6 Kf6 47. Bc4 Kf5 48. a7 h5 49. Bd5 {Precision: White = 87%, Black = 33%.} 1-0

[Event "Lake Sevan 2017"]
[Site "Yerevan"]
[Date "2017.07.14"]
[Round "1"]
[White "Kravtsiv, Martyn"]
[Black "Ter-Sahakyan, Samvel"]
[Result "1-0"]
[WhiteElo "2653"]
[BlackElo "2598"]
[Annotator "TA"]
[PlyCount "59"]
[EventDate "2017.??.??"]
[EventCountry "ARM"]
[SourceTitle "playchess.com"]
[Source "ChessBase"]
[SourceQuality "1"]

{[%evp 12,59,37,17,20,18,11,10,26,24,32,27,22,14,49,29,196,196,175,186,175,83,111,116,143,100,60,28,202,191,213,215,237,237,238,238,236,229,261,203,410,412,736,731,715,710,1191,1184,1177,1156]} 1. e4 c5 2. Nf3 d6 3. d4 cxd4 4. Nxd4 Nf6 5. f3 e5 6. Nb3 {[%cal Bd4b3,Bb3d2,Bd2c4][%mdl 32]} a5 {B55: Sicilian: 2...d6 3 d4 cxd4 4 Nxd4 Nf6 5 f3} (6... d5 7. Bg5 Be6 8. Bxf6 gxf6 9. exd5 Qxd5 10. Qxd5 Bxd5 11. Nc3 Be6 12. O-O-O Nc6 13. Bb5 Rc8 14. Nd5 f5 15. Na5 Bh6+ 16. Kb1 Kf8 17. Nb3 Kg7 18. Rhe1 Rhd8 19. Nc3 Rxd1+ 20. Nxd1 {0-1 (56) Harikrishna,P (2758)-Giri,A (2769) Shenzhen 2017}) 7. Nc3 {LiveBook: 5 Games} a4 8. Nd2 a3 {The position is equal.} 9. bxa3 Be6 $146 ({Predecessor:} 9... Nc6 10. Nc4 Nd4 11. Rb1 Be7 12. Be3 O-O 13. Bxd4 exd4 14. Qxd4 {1-0 (49) Laihonen,P (2192)-Manninen,A (2101) Finland 2015}) 10. Nc4 Be7 11. Rb1 O-O $1 12. Rxb7 Nbd7 (12... Bxc4 $5 13. Bxc4 Qc8 14. Rxe7 Qxc4 $16) 13. Rb4 d5 $2 (13... Qc7 $11 {and Black is okay.}) 14. exd5 $18 Bxb4 15. axb4 Bf5 16. Bd3 (16. Ne3 $1 $18 {[%cal Re3f5] is more deadly.} Bg6 17. Bb5) 16... Bxd3 17. Qxd3 ({But not} 17. cxd3 $6 Nb6 $14) 17... Qc7 {aiming for ...Rfc8.} 18. Ne3 Rfc8 19. Bb2 {Threatens to win with a3.} Nb6 $2 (19... Qb6 $11 20. a3 Qd4) 20. d6 Qa7 {[#]} 21. a3 $1 Rc6 22. Ne4 Nxe4 23. fxe4 ({Not} 23. Qxe4 Rxd6 24. Qxe5 Rg6 $14) 23... f6 {[#]} 24. c4 $1 {[%cal Bc2c4,Bc4c5][%mdl 32]} Na4 25. c5 Nxb2 $2 (25... Kh8) 26. Qd5+ Kh8 (26... Kf8 $142) 27. Qxc6 {White is clearly winning.} Qxa3 28. Ke2 Nd3 {[#]} 29. Qxa8+ $1 {[%mdl 512]} Qxa8 30. Kxd3 {Precision: White = 57%, Black = 46%.} 1-0

[Event "Lake Sevan 2017"]
[Site "Yerevan"]
[Date "2017.07.14"]
[Round "1"]
[White "Swiercz, Dariusz"]
[Black "Amin, Bassem"]
[Result "0-1"]
[WhiteElo "2647"]
[BlackElo "2672"]
[Annotator "TA"]
[PlyCount "138"]
[EventDate "2017.??.??"]
[EventCountry "ARM"]
[SourceTitle "playchess.com"]
[Source "ChessBase"]
[SourceQuality "1"]

{[%evp 30,138,33,17,17,17,33,17,33,33,35,31,41,0,46,14,18,18,10,4,21,0,0,0,0,0,0,0,0,24,39,23,23,23,23,23,27,26,34,8,152,72,87,8,17,-9,21,13,31,0,49,60,154,136,130,114,208,67,61,56,81,91,108,110,124,22,22,35,201,22,40,25,29,53,84,53,74,35,133,112,115,100,87,79,126,102,287,8,8,8,8,-126,-121,-142,-39,-158,-137,-171,-175,-164,-175,-171,-168,-358,-358,-1001,-933,-29986,-175,-29987,-29988]} 1. e4 e5 2. Nf3 Nc6 3. Bb5 a6 4. Ba4 Nf6 5. O-O Be7 6. Re1 b5 7. Bb3 d6 8. c3 O-O 9. h3 Nb8 10. d4 Nbd7 11. Nbd2 Bb7 12. Bc2 Re8 13. Nf1 Bf8 14. Ng3 g6 15. Bg5 h6 16. Bd2 exd4 {C95: Closed Ruy Lopez: Breyer Variation with 10 d4} (16... Bg7 17. a4 Nb6 18. Qc1 Kh7 19. b3 bxa4 20. bxa4 a5 21. dxe5 dxe5 22. Bb3 Qe7 23. Be3 Nfd7 24. h4 Ba6 25. h5 {1-0 (59) Yu,Y (2738)-Piorun,K (2651) Caleta 2017}) 17. cxd4 c5 18. d5 Bg7 {The position is equal.} 19. Bf4 Nb6 20. Qc1 Kh7 21. Rb1 Rc8 $146 ({Predecessor:} 21... Qc7 22. b3 a5 23. Bd3 b4 24. Qc2 {½-½ (49) Satici,A (2360)-Vaclav,J (2459) ICCF email 2011}) 22. a3 (22. a4 $5) 22... a5 23. b3 Ba6 24. Qd2 b4 25. axb4 axb4 26. Ra1 Ra8 27. Bd3 Bxd3 28. Rxa8 (28. Qxd3 $2 Rxa1 29. Rxa1 Nfxd5 $19) 28... Nxa8 29. Qxd3 Nc7 30. Nf1 Nh5 31. Bh2 Bc3 32. N1d2 Qd7 33. Re3 {White wants to play g4.} Ra8 34. g4 Ng7 (34... Ra1+ $11 35. Re1 Rxe1+ 36. Nxe1 Bxd2 37. Qxd2 Nf6) 35. Nc4 ({White should try} 35. e5 $1 {[%cal Re5d6]} dxe5 36. Ne4 Ra1+ 37. Kg2) 35... Ra6 $16 36. Kg2 ({Better is} 36. e5 $1 $16 {[%cal Re5d6]} dxe5 37. d6 Ra1+ 38. Kg2) 36... Nge8 $11 37. Ng1 Bd4 38. Re1 Bc3 39. Re3 f6 40. Ne2 Nb5 (40... Be5 $14) 41. Nf4 $16 (41. Nxc3 bxc3 42. Re1 Nec7 $11) 41... Qf7 42. Ne6 Nd4 (42... Ra1 $16 43. Rf3 Nd4) 43. Nxd4 (43. e5 $1 $18 Qb7 44. exd6 Qxd5+ 45. Qe4 Qxe4+ 46. Rxe4 Nxd6 47. Nxd6) 43... Bxd4 $14 44. Re2 $1 Qd7 45. Ne5 Qb7 46. Nc6 Bc3 47. h4 (47. f4 $1 $16) 47... Ra8 $11 48. h5 Qg7 $2 (48... Qf7 $1 $14) 49. Bg3 $2 ({Only move:} 49. e5 $1 $18 {[%cal Re5d6]} fxe5 50. f4) 49... Kh8 $1 50. hxg6 (50. e5 $5 fxe5 51. hxg6 $11) 50... Qxg6 51. Qf3 Qg7 52. Rc2 {[%cal Be2c2,Bc2c1,Bc1h1][%mdl 32]} Be5 53. Rc1 Nc7 (53... Bxg3 $1 $14 54. Kxg3 (54. Qxg3 Kg8 $14) 54... Ra3) 54. Rh1 $16 {aiming for Qe3.} Nb5 55. Qf5 {Strongly threatening g5!} Bxg3 56. Kxg3 (56. fxg3 $6 Ra2+ 57. Kf3 Ra3 $11) 56... Nc3 57. Kg2 c4 $2 (57... Re8 $16 {is a better defense.}) 58. Qf4 $2 (58. Nxb4 cxb3 59. Nd3 Ne2 $11) (58. bxc4 $18 b3 59. Nd4) 58... Qg5 $132 {[%mdl 2048] Black has counterplay} (58... cxb3 $2 59. Ne7 $1 $18 {[%mdl 512]}) 59. Qxg5 $1 (59. Rxh6+ $2 Kg7 $19) 59... fxg5 {[%mdl 4096] Endgame KRN-KRN} 60. Nd4 ({Don't capture} 60. Rxh6+ $2 Kg7 $19) (60. bxc4 $11 {remains equal.} b3 61. e5 (61. Rxh6+ Kg7 $17) 61... dxe5 62. d6 (62. Nxe5 b2 $11) (62. Rxh6+ Kg7 $17)) 60... cxb3 $17 61. Nxb3 Kh7 (61... Kg7 $17 {Hoping for ...Ra3.} 62. Re1 Ra3) 62. Nd4 (62. Re1 $1 $15) 62... Nxe4 63. Rb1 Ra2 64. Rxb4 Rxf2+ 65. Kh3 Kg6 66. Rb6 $2 (66. Rb7 {might work better.}) 66... h5 $19 67. Nb5 $2 (67. Rb8) 67... Rb2 68. Rb7 hxg4+ 69. Kxg4 {[#] If White can now play Nxd6! this consolidates a bit.} Rb3 $1 {Precision: White = 31%, Black = 50%.} 0-1

[Event "Lake Sevan 2017"]
[Site "Yerevan"]
[Date "2017.07.14"]
[Round "1"]
[White "Nabaty, Tamir"]
[Black "Petrosyan, Manuel"]
[Result "1-0"]
[WhiteElo "2644"]
[BlackElo "2546"]
[Annotator "TA"]
[PlyCount "89"]
[EventDate "2017.??.??"]
[EventCountry "ARM"]
[SourceTitle "playchess.com"]
[Source "ChessBase"]
[SourceQuality "1"]

{[%evp 24,89,31,30,34,0,14,1,23,15,58,70,57,60,76,75,64,62,64,48,268,120,178,163,226,12,165,177,158,171,317,291,312,314,308,183,443,412,391,325,500,495,493,454,474,447,554,532,503,461,447,454,446,448,435,433,481,479,795,806,1388,1368,11101,6125,7417,6304,12850,10062]} 1. d4 Nf6 2. c4 e6 3. Nc3 Bb4 4. Qc2 O-O 5. a3 Bxc3+ 6. Qxc3 d6 7. Nf3 b6 8. e3 Bb7 9. Be2 Nbd7 10. O-O Ne4 11. Qc2 f5 12. b4 Qe7 13. Ne1 {[%cal Bf3e1,Be1d3,Bd3b4,Bb4c6][%mdl 32] LiveBook: 4 Games. E32: Nimzo-Indian: Classical (4 Qc2): 4...0-0} (13. Bb2 c5 14. Nd2 Qg5 15. f4 Qg6 16. Nf3 Ndf6 17. Rad1 Ng4 18. Qb3 Qh6 19. bxc5 Nxc5 20. dxc5 Bxf3 21. h3 Bxe2 22. hxg4 fxg4 23. e4 Bxf1 24. Rxf1 Rxf4 {0-1 (24) Karpov,A (2619)-Anand,V (2788) Moscow 2009}) 13... a5 14. f3 Nef6 15. Rb1 {The position is equal.} axb4 16. axb4 Ra7 17. b5 $146 ({Predecessor:} 17. Nd3 Rfa8 18. Bb2 Nf8 19. b5 Ng6 20. Qc3 Nf8 {½-½ (41) Galia,K-Mueller,H Bad Gastein 1948}) 17... e5 18. Nd3 e4 19. Nb4 exf3 20. gxf3 Nh5 21. Nc6 Qh4 $2 (21... Qg5+ $14 22. Kh1 Raa8) 22. Bd3 (22. Nxa7 $18 {is the precise move to win.} Rf6 23. Rf2 Rg6+ 24. Rg2 Bxf3 25. Rxg6) 22... Raa8 (22... Bxc6 $16 {was called for.} 23. bxc6 Ndf6) 23. Bxf5 $18 Qg5+ {[#]} (23... Ndf6 $142 24. Qf2 Qg5+ 25. Qg2 Qxg2+ 26. Kxg2 Rfe8) 24. Bg4 $2 ({White must play} 24. Kh1 $1 $18 Nhf6 25. Qf2) 24... Bxc6 $2 (24... Ndf6 $1 $11 25. e4 Nf4) 25. bxc6 Ndf6 26. Rb5 $36 {[%mdl 2048] Keeping Black busy.} d5 {[#]} (26... Qh6 $142 27. Be6+ Kh8) 27. Qf5 $1 {[%cal Rf5g5]} Qh4 {White must now prevent ...Ng3!} 28. Bxh5 ({Wrong is} 28. cxd5 $2 Ng3 $19) 28... g6 29. Qe5 (29. Bxg6 $142 {e4 is the strong threat.} hxg6 30. Qe5 (30. Qxg6+ Kh8 $11)) 29... Rae8 $2 (29... Nxh5 {is a better defense.} 30. Qxc7 (30. Qxd5+ Rf7 $18) 30... Qg5+ 31. Kh1 Ra2) 30. Qxc7 Qxh5 31. Qg3 Ne4 (31... Rc8 $142 32. cxd5 Nxd5) 32. Qg4 {White is clearly winning.} ({Not} 32. fxe4 Rxf1+ 33. Kxf1 Qd1+ 34. Kg2 Rf8 $11) 32... Qxg4+ 33. fxg4 dxc4 34. Rxb6 Rxf1+ 35. Kxf1 {[%mdl 4096] Endgame KRB-KRN} Kf7 36. c7 Rc8 37. Rc6 Ke7 38. Rxc4 Kd7 39. Ke2 Nf6 40. Kf3 h5 (40... Nd5 $142 41. e4 Rf8+ 42. Kg3 Nxc7) 41. gxh5 gxh5 42. e4 Rxc7 43. Rxc7+ Kxc7 44. Kf4 Kd7 45. Kf5 {Precision: White = 64%, Black = 31%.} 1-0

[Event "Lake Sevan 2017"]
[Site "Yerevan"]
[Date "2017.07.14"]
[Round "1"]
[White "Martirosyan, Haik M"]
[Black "Harutyunian, Tigran K"]
[Result "1-0"]
[WhiteElo "2516"]
[BlackElo "2523"]
[Annotator "TA"]
[PlyCount "97"]
[EventDate "2017.??.??"]
[EventCountry "ARM"]
[SourceTitle "playchess.com"]
[Source "ChessBase"]
[SourceQuality "1"]

{[%evp 20,97,15,0,40,20,35,30,39,31,60,58,45,44,58,48,51,37,35,31,23,0,16,-17,-25,0,0,0,0,0,24,0,0,8,7,9,20,32,32,23,23,0,35,47,33,0,87,97,160,165,237,167,159,152,258,237,139,141,137,145,139,121,131,129,237,233,231,231,230,229,502,489,496,490,519,521,777,744,977,954]} 1. d4 Nf6 2. Nf3 e6 3. c4 d5 4. Nc3 c6 5. Bg5 h6 6. Bxf6 Qxf6 7. e3 g6 8. Bd3 {D43: Semi-Slav: 5 Bg5 h6} (8. Rc1 Nd7 9. Be2 Bg7 10. cxd5 exd5 11. b4 a6 12. a4 Qd6 13. b5 axb5 14. axb5 Nb6 15. O-O Be6 {½-½ (31) Yu,Y (2750)-Giri,A (2769) Shenzhen 2017}) 8... Bg7 9. O-O O-O 10. Qe2 (10. Ne5 dxc4 11. Bxc4 c5 12. Nf3 cxd4 13. Nxd4 Nd7 14. Qb3 Nb6 15. Be2 e5 {½-½ (75) Martirosyan,H (2516)-Harutyunian,T (2511) Yerevan 2017}) 10... dxc4 11. Bxc4 {LiveBook: 3 Games} b6 12. e4 Qe7 13. e5 Nd7 14. Rfe1 a6 15. Bd3 Bb7 16. Be4 $146 b5 17. Rac1 Rab8 18. h4 Rfd8 19. Qe3 Nb6 20. Qf4 Rbc8 21. h5 g5 22. Qg4 Nd5 23. Bxd5 cxd5 24. Nd2 Qb4 25. Rb1 Rc7 26. a3 Qe7 27. Na2 f6 28. exf6 Qxf6 29. Nf3 Qf5 30. Qg3 Rc4 31. Rbd1 Rf8 32. Nb4 Bc8 (32... Qf7 $11 {keeps the balance.}) 33. Nd3 $16 g4 {[#]} (33... Qf7 $142) 34. Nfe5 $1 Rc2 (34... Qxh5 {was worth a try.} 35. Nxc4 bxc4) 35. Nxg4 Qxh5 36. Rc1 Rxc1 (36... Rc4 $16) 37. Rxc1 $18 Qg5 38. Nge5 {Threatens to win with Qxg5.} Qxg3 39. fxg3 a5 40. b4 axb4 41. axb4 Rd8 (41... Re8 $16 {was necessary.}) 42. Rc7 Bf8 43. Nc6 Bd6 44. Ra7 Rd7 $2 {[#]} (44... Re8 45. Nf4 Kh8 46. Ng6+ Kg8 47. Nce7+ Bxe7 48. Rxe7 Rd8) 45. Ra8 {White is clearly winning.} Rc7 46. Na7 Bf8 {and if ...Bd7 works, Black does fine.} 47. Nxc8 Rc4 48. Nd6 Rxd4 49. Nc5 {Precision: White = 79%, Black = 43%.} 1-0

[Event "Lake Sevan 2017"]
[Site "Yerevan"]
[Date "2017.07.15"]
[Round "2"]
[White "Amin, Bassem"]
[Black "Martirosyan, Haik M"]
[Result "1-0"]
[WhiteElo "2672"]
[BlackElo "2544"]
[Annotator "TA"]
[PlyCount "157"]
[EventDate "2017.??.??"]
[EventCountry "ARM"]
[SourceTitle "playchess.com"]
[Source "ChessBase"]
[SourceQuality "1"]

{[%evp 27,157,52,52,52,52,50,49,48,48,50,50,50,52,46,55,67,54,60,95,95,95,92,90,46,77,54,82,6,73,20,55,29,31,24,60,61,108,110,103,103,103,70,70,41,41,34,46,39,51,39,59,39,47,0,0,0,47,57,216,210,210,205,200,197,266,188,365,350,341,282,418,148,126,122,552,549,504,491,570,595,585,570,548,521,514,138,137,0,514,478,992,256,493,485,1366,1350,730,205,5193,5096,29963,29965,29954,29962,29960,29952,6437,1320,29973,29973,29971,29970,29975,29970,29977,29978,29978,29977,12820,6229,29981,29982,29982,29983,29983,29984,29985,29986,29986,29987,29987,29988]} 1. Nf3 Nf6 2. g3 d5 3. Bg2 c6 4. c4 g6 5. b3 Bg7 6. Bb2 O-O 7. d3 Bg4 8. Nbd2 Nbd7 9. O-O Re8 10. h3 Bxf3 {A11: English Opening: 1...c6} 11. Nxf3 e5 12. cxd5 cxd5 13. Rc1 e4 14. dxe4 dxe4 {LiveBook: 4 Games} 15. Nd2 e3 $146 ({Predecessor:} 15... Re6 16. e3 b5 17. Qc2 Qe7 {1-0 (52) Pantsulaia,L (2607)-De Guzman,R (2364) Subic Bay 2016}) 16. Nc4 $1 {[%cal Rc4e3]} Ne4 17. Bxe4 Bxb2 18. Bxb7 Bxc1 19. Bxa8 exf2+ 20. Rxf2 {Hoping for Bc6.} Be3 21. Nxe3 Rxe3 22. Rf3 Qb6 23. Rxe3 Qxe3+ 24. Kg2 Ne5 25. Bf3 a5 26. Qc2 h5 27. a3 (27. Bd5 $16) 27... Qd4 (27... Nxf3 $11 {remains equal.} 28. exf3 Qd4) 28. Qc1 (28. Be4 $16) 28... Kg7 29. Bb7 (29. Qf4 $5 {[%cal Rf4d4]} Nxf3 30. Qxf3 $14) 29... Qb6 30. Bd5 {Black should prevent Qc3.} Qb5 31. Qd2 Qc5 32. b4 axb4 33. axb4 Qb5 34. Bf3 Nxf3 35. exf3 $14 {[%mdl 4096] Endgame KQ-KQ} (35. Kxf3 {keeps more tension.} Qf5+ 36. Kg2 Qe4+ 37. Kg1 h4 38. gxh4 Kf8 39. h5) 35... Qe5 36. h4 Kg8 37. Qc2 Qb5 38. Qb2 Kf8 39. Kf2 Qb6+ 40. Ke2 Qe6+ 41. Kf2 Qb6+ 42. Kf1 Qc6 $2 (42... Qb5+ $14 43. Ke1 Qb6) 43. Qh8+ $18 Ke7 44. Qe5+ Kd7 45. Qd4+ $1 Kc8 (45... Kc7 $142) 46. Kf2 Qc2+ $2 (46... Qe6 47. g4 Qa2+ 48. Kg3 hxg4) 47. Ke3 {Black must now prevent Qc5+.} Qc1+ 48. Ke4 Qc2+ (48... Qc6+ $142 49. Qd5 Qc2+ 50. Ke3 Qc3+ 51. Ke2 Qc2+ 52. Qd2 Qc4+ 53. Ke3 Qe6+ 54. Kf2 Qc4) 49. Qd3 $2 (49. Kd5 $1 $18 {is the precise move to win.} Qf5+ 50. Qe5 Qxf3+ 51. Kd6) 49... Qc6+ $16 {[#]} 50. Ke3 $1 Qc1+ $2 {[%mdl 8192] [#]} (50... f5 $16 51. Qd4 Qc1+ 52. Kf2 Qc2+ 53. Ke3 Qc1+ 54. Ke2 Qc2+ 55. Ke3 Qc1+) 51. Kd4 $1 $18 {Threatens to win with Qc4+.} Qg1+ 52. Qe3 Qxg3 53. Qe8+ Kb7 54. Qxf7+ Kc8 55. Qe6+ Kb7 56. Qe4+ $2 (56. Qe7+ $18 {and White stays clearly on top.} Kc8 57. Qe4) 56... Kb6 $16 57. Qe6+ $2 {[%mdl 8192]} (57. Kc3 $16) 57... Kb7 $1 $18 58. Qe7+ Kc8 (58... Kc6 $142 59. Qf6+ Kb7) 59. Qf6 $2 (59. Kc5) 59... Qf2+ $2 (59... g5 60. hxg5 h4) 60. Kd5 Qa2+ (60... Qd2+ $142 61. Qd4 Qh6 62. Qc5+ Kb7 63. Qc6+ Kb8) 61. Kd6 {And now Qe6+ would win.} Qd2+ 62. Ke6 $2 (62. Ke7 {aiming for Qc6+.} Qxb4+ 63. Kf7) 62... Qxb4 $2 (62... Qd7+ 63. Ke5 Qc7+ 64. Kd5 Qd7+ 65. Kc4 Qc7+ 66. Kb3 Qg3) 63. Kf7 Qb1 64. f4 Qc2 65. Kg7 Qe4 66. Qe5 Qc6 67. Kh6 Qg2 68. Qe8+ Kc7 69. Qxg6 Qg4 70. Qg5 Kd6 71. f5 {[%cal Bf4f5,Bf5f6,Bf6f7][%mdl 32]} Ke5 72. Kg6 Qf3 73. Qf6+ (73. Qe7+ $142 Kf4 74. Qd6+ Kg4 75. f6) 73... Kf4 74. Qd4+ {White mates.} Kg3 75. f6 Kh2 76. Qe5+ Kh1 77. f7 Qg3+ 78. Qg5 Qd3+ 79. Kg7 {Precision: White = 47%, Black = 26%.} 1-0

[Event "Lake Sevan 2017"]
[Site "Yerevan"]
[Date "2017.07.15"]
[Round "2"]
[White "Nabaty, Tamir"]
[Black "Kovalenko, Igor"]
[Result "1/2-1/2"]
[WhiteElo "2650"]
[BlackElo "2659"]
[Annotator "TA"]
[PlyCount "96"]
[EventDate "2017.??.??"]
[EventCountry "ARM"]
[SourceTitle "playchess.com"]
[Source "ChessBase"]
[SourceQuality "1"]

{[%evp 19,96,7,12,1,30,25,43,31,62,51,63,44,102,119,95,87,192,204,204,201,193,0,0,0,0,0,0,0,25,25,9,8,6,12,21,0,0,0,0,0,0,0,0,0,0,0,0,0,0,0,0,0,2,0,2,2,3,6,6,6,6,3,4,8,18,8,10,8,8,8,8,4,8,4,4,4,4,0,0]} 1. e4 {[%cal Be2e4,Be4e5][%mdl 32]} e6 2. d4 d5 3. Nc3 Nf6 4. e5 Nfd7 5. f4 c5 6. Nf3 a6 7. Be3 {C11: French: Classical System: 4 e5 and 4 Bg5 dxe4} Be7 (7... Qb6 8. Rb1 Nc6 9. Qd2 Qc7 10. Be2 cxd4 11. Nxd4 Bc5 12. O-O Nxd4 13. Bxd4 Bxd4+ 14. Qxd4 Qc5 15. Qxc5 Nxc5 16. Kf2 {½-½ (55) Hou,Y (2649)-Naiditsch,A (2702) Karlsruhe 2017}) 8. dxc5 Nxc5 9. Qd2 Nc6 10. a3 O-O {LiveBook: 16 Games} 11. Rd1 $146 ({Predecessor:} 11. Nd4 Bd7 12. Be2 Bh4+ 13. g3 Be7 14. O-O Rc8 15. b4 Nxd4 16. Bxd4 Na4 17. Nxa4 Bxa4 {½-½ (59) Loinjak,S (2554)-Haug,U (2413) LSS email 2011}) 11... b6 12. Be2 a5 13. O-O Ba6 14. Bxa6 Rxa6 15. f5 Ra8 (15... Ne4 $14 16. Nxe4 dxe4) 16. Qf2 $16 Kh8 17. Qg3 Rc8 {[#]} (17... Qe8 $16 {was necessary.}) 18. Ng5 $1 $18 {[%cal Rg5h7]} exf5 19. Rxf5 ({Don't play} 19. Rxd5 $6 Qe8 $16) 19... Bxg5 20. Bxg5 $2 (20. Rxg5 $18 Ne7 21. Rxg7) 20... Qd7 $11 21. Qf3 d4 22. Nd5 {And now Nf6! would win.} Qe6 23. Nf6 Nd7 ({Don't go for} 23... Nxe5 $2 24. Qh3 $18) (23... Ne7 $5 24. Rf4 $8 Qxe5 $11) 24. Nxd7 Qxd7 25. Rf1 {The position is equal.} Qe6 (25... Kg8 {keeps more tension.} 26. Bh4 Qe8 27. Qe4 Ne7 28. Bxe7 Qxe7 29. R1f2 Rcd8) 26. Qf4 a4 27. Rf3 Rfe8 {[%cal Rc6e5]} 28. Rf6 Qxe5 29. Rxf7 {Threatening mate with Rf8+!} Qxf4 30. Bxf4 Kg8 31. Rb7 Na5 32. Rd7 Re1+ ({Wrong is} 32... Rxc2 $2 {[#]} 33. Be5 $1 $18 {[%mdl 512]}) 33. Kf2 Re4 34. Bc7 Nc4 35. Rff7 Rf8 36. Rxf8+ Kxf8 {[%mdl 4096] Endgame KRB-KRN} 37. b3 axb3 38. cxb3 Nxa3 39. Bxb6 Nc2 40. Bc5+ Ke8 41. Rd5 Re3 42. Bxd4 Rd3 43. Re5+ Kf7 {Strongly threatening ...Rd2+.} 44. Bc5 Rxb3 45. Re7+ Kg6 46. Rd7 Rb5 47. Rc7 Nb4 {Threatens to win with ...Nd3+.} 48. Bxb4 Rxb4 {Precision: White = 80%, Black = 58%.} 1/2-1/2